|
|
|
|
| LEADER |
00851nam a2200229 a 4500 |
| 001 |
000536472 |
| 003 |
CZ BrMZK |
| 005 |
20100715095653.0 |
| 007 |
ta |
| 008 |
010907s1983 hu a f hun d |
| 040 |
|
|
|a BOA001
|b cze
|
| 080 |
9 |
|
|a 084.1(02.053.2)
|2 MRF
|
| 100 |
1 |
|
|a Voříšková, Marie,
|d 1907-1987
|7 jk01150732
|4 aut
|
| 245 |
1 |
0 |
|a Mint a hinta leng az inga /
|c Marie Šindelářová-Voříšková versei ; Sebök Eva fordítása ; V. Kubašta rajzaival
|
| 250 |
|
|
|a 9. kiad.
|
| 260 |
|
|
|a Budapest :
|b Móra Ferenc Ifjúsági Könyvkiadó,
|c [1983]
|
| 300 |
|
|
|a 1 sv. (nestránkován)
|
| 700 |
1 |
|
|a Kubašta, Vojtěch,
|d 1914-1992
|7 jk01070261
|4 ill
|
| 700 |
1 |
|
|a Sebök, Éva,
|d 1927-
|7 xx0049072
|4 trl
|
| 910 |
|
|
|a BOA001
|b 2-0864.833
|
| 990 |
|
|
|a BK
|
| 996 |
7 |
|
|b 2619368600
|c 2-0864.833
|l MZK
|r Sklad / do 1 hodiny
|n 0
|w 000536472
|u 000010
|a 1
|e BOA001
|j MZK50
|s A
|